000
00322nam a22001457a 4500
008
230704b xxu||||| |||| 00| 0 eng d
020
_a
0421878207
082
_a
340
_b
CAR
100
_c
Peter Carey
245
_a
Media Law
260
_b
Sweet & Maxwell
_c
2004
300
_a
450p
700
_c
Jo Sanders
942
_2
ddc
_c
BK
999
_c
3660
_d
3660